000 03948nas1a22003491 4500
001 RU\NLR\Per\1113545
005 20260429182815.0
035 _a(NLR Aleph) 010716526
090 _a9800015
_c9800015
100 _a20260503 rusy50
101 0 _arus
102 _aRU
110 _azu|||||||||
200 1 _aСопоставительные исследования
_eпродолжающееся научное издание
_fВоронеж. гос. ун-т, Фак. романо-герм. филологии, Каф. англ. яз. естеств.-науч. фак.
210 _aВоронеж
_cИстоки
_d2013 -
300 _aВ надзаг. также: Центр.-Чернозем. регион. отд-ние Науч.-метод. совета по иностр. яз. М-ва образования и науки РФ
601 0 2 _aВоронежский государственный университет
_bКафедра английского языка естественно-научных факультетов
_jПериодические издания
_2nlr_sh2
_3RU\NLR\AUTH\6601569347
606 1 _aЯзыкознание
_xСравнительные методы
_jПериодические издания
_2nlr_sh2
_3RU\NLR\AUTH\661446608
686 1 _aЧ489.64(2Р)7я54
686 1 _aШ1в653я5
712 0 2 _aВоронежский государственный университет
_bКафедра английского языка естественно-научных факультетов
_3RU\NLR\AUTH\880374484
_4570
712 0 2 _aСовет ректоров высших учебных заведений Воронежской области
_3RU\NLR\AUTH\8810130379
_4570
852 _aNLR
_jП34/2248
942 _cSE
980 _aNB
980 _aRUSPER